| 000 | 00378pab a2200157 454500 | ||
|---|---|---|---|
| 008 | 180718b2002 xxu||||| |||| 00| 0 eng d | ||
| 100 | _aEngineer, Asghar Ali | ||
| 245 | _aCommunal riots: review of 2001 | ||
| 260 | _c2002 | ||
| 300 | _ap.100-04 | ||
| 362 | _a12 Jan | ||
| 650 | _aCommunalism | ||
| 650 | _aRiots | ||
| 773 | _aEconomic and Political Weekly | ||
| 909 | _a51026 | ||
| 999 |
_c51026 _d51026 |
||